Peace process in North-East India/ (Record no. 8366)
[ view plain ]
| 000 -LEADER | |
|---|---|
| fixed length control field | 00879 a2200205 4500 |
| 003 - CONTROL NUMBER IDENTIFIER | |
| control field | GBCCL |
| 005 - DATE AND TIME OF LATEST TRANSACTION | |
| control field | 20241126110649.0 |
| 008 - FIXED-LENGTH DATA ELEMENTS--GENERAL INFORMATION | |
| fixed length control field | 200213b ||||| |||| 00| 0 eng d |
| 020 ## - INTERNATIONAL STANDARD BOOK NUMBER | |
| International Standard Book Number | 9789351252009 |
| 020 ## - INTERNATIONAL STANDARD BOOK NUMBER | |
| International Standard Book Number | 9351252000 |
| 040 ## - CATALOGING SOURCE | |
| Transcribing agency | GBC |
| 082 ## - DEWEY DECIMAL CLASSIFICATION NUMBER | |
| Classification number | 303.66095 |
| -- | 303.6609541 |
| Item number | PEA |
| 245 ## - TITLE STATEMENT | |
| Title | Peace process in North-East India/ |
| Statement of responsibility, etc. | editors, Shukhdeba Sharma Hanjabam, Aheibam Koireng Singh. |
| 260 ## - PUBLICATION, DISTRIBUTION, ETC. | |
| Place of publication, distribution, etc. | New Delhi : |
| Name of publisher, distributor, etc. | Published for Department of Social Work, Indira Gandhi National Tribal University, Regional Campus, Manipur & Conflict and Human Rights Studies Network, Manipur by Concept Publishing Company Pvt. Ltd., |
| Date of publication, distribution, etc. | 2016. |
| 300 ## - PHYSICAL DESCRIPTION | |
| Extent | xxii, 274 pages ; 23 cm |
| 650 ## - SUBJECT ADDED ENTRY--TOPICAL TERM | |
| Topical term or geographic name entry element | Peace-building -- India, Northeastern. |
| 9 (RLIN) | 10272 |
| 650 ## - SUBJECT ADDED ENTRY--TOPICAL TERM | |
| Topical term or geographic name entry element | Insurgency -- India, Northeastern. |
| 9 (RLIN) | 14610 |
| 650 ## - SUBJECT ADDED ENTRY--TOPICAL TERM | |
| Topical term or geographic name entry element | Ethnic conflict -- India, Northeastern. |
| 9 (RLIN) | 14606 |
| 942 ## - ADDED ENTRY ELEMENTS (KOHA) | |
| Source of classification or shelving scheme | Dewey Decimal Classification |
| Koha item type | Books |
| Koha issues (borrowed), all copies | 7 |
| Withdrawn status | Lost status | Source of classification or shelving scheme | Damaged status | Not for loan | Home library | Current Library | Shelving location | Date acquired | Source of acquisition | Cost, normal purchase price | Total checkouts | Full call number | Barcode | Date last seen | Date last checked out | Copy number | Cost, replacement price | Price effective from | Koha item type |
|---|---|---|---|---|---|---|---|---|---|---|---|---|---|---|---|---|---|---|---|
| Dewey Decimal Classification | GRACE BIBLE COLLEGE | GRACE BIBLE COLLEGE | North East Collection | 2020-02-24 | 10 | 712.50 | 7 | 303.66095 PEA | 013829 | 2025-05-01 | 2025-02-19 | c.1 | 950.00 | 2020-02-24 | Books | ||||
| Dewey Decimal Classification | GRACE BIBLE COLLEGE | GRACE BIBLE COLLEGE | North East Collection | 2023-04-03 | 1 | 303.66095 PEA | 016167 | 2025-05-01 | 2024-02-22 | c.2 | 2023-04-03 | Books |